|
|
|
|
| LEADER |
01035ncm a22002892a 4500 |
| 001 |
001102626 |
| 003 |
CZ BrMZK |
| 005 |
20110505094731.0 |
| 007 |
qu |
| 008 |
100621s1978 xr |||||||||||||||||cze d |
| 040 |
|
|
|a BOA001
|b cze
|
| 072 |
|
7 |
|a 784
|x Vokální hudba
|2 Konspekt
|9 9
|
| 100 |
1 |
|
|a Macák, Bohumil,
|d 1927-2007
|7 jk01072729
|4 cmp
|
| 245 |
1 |
0 |
|a Slunce nad hlavou
|h [hudebnina] /
|c Bohumil Macák ; text Jaroslav Vlk. Šípková růžička : polka / Bohumil Macák ; arrang. Otakar Pihrt
|
| 250 |
|
|
|a 1. vyd.
|
| 260 |
|
|
|a Praha :
|b Panton,
|c 1978
|
| 300 |
|
|
|a 15 hlasů
|
| 490 |
1 |
|
|a Dobrá dechovka. Základní řada ;
|v č. 18
|
| 546 |
|
|
|a Náz. též německy
|
| 700 |
1 |
|
|a Pihrt, Otakar,
|d 1933-2013
|7 xx0023681
|4 arr
|
| 700 |
1 |
|
|a Vlk, Jaroslav
|7 mzk2010599382
|4 lyr
|
| 740 |
0 |
2 |
|a Šípková růžička
|
| 830 |
|
0 |
|a Dobrá dechovka.
|p Základní řada
|
| 910 |
|
|
|a BOA001
|b Mus3-0799.085
|
| 990 |
|
|
|a MU
|
| 991 |
|
|
|b 201006
|
| 996 |
6 |
|
|b 2619457712
|c Mus3-0799.085
|l MZK
|r Sklad / do 1 hodiny
|n 1
|w 001129292
|u 000010
|a 1
|e BOA001
|j MZK50
|s P
|